| 000 | 00650nam a2200205 a 4500 | ||
|---|---|---|---|
| 005 | 20180803165408.0 | ||
| 008 | 160130t2006 ck ab gr|||| 00| 0 spa d | ||
| 040 |
_aCO-BoIAVH _cCO-BoIAVH |
||
| 041 | _aspa | ||
| 082 |
_a333.7071 _bC32c1 |
||
| 245 | _aCartilla ambiental para el subsector avícola | ||
| 260 |
_aBogotá _bCAR _bCAE _bCamara de Comercio de Bogotá _c2006 |
||
| 300 |
_a55 paginas. _bilustraciones, graficos.; _c28 x 21 cm. |
||
| 650 | 4 | _aActividad avícola | |
| 650 | 4 | _aImpacto ambientales | |
| 650 | 4 | _aGranjas avícolas | |
| 650 | 4 | _aGestión ambiental | |
| 942 |
_cLIBRO _2ddc |
||
| 945 | _d2008-11-13 | ||
| 999 |
_c6660 _d6660 |
||